| 000 | 00477cam a2200181ua 4500 | ||
|---|---|---|---|
| 020 | _a0-07-053530-2 | ||
| 041 |
_aeng _h |
||
| 082 |
_a006.6 _bROG/MA |
||
| 100 | _aRogers, David F . | ||
| 245 |
_aMathematical elements for computer graphics / _cDavid F Rogers. _hTextual Documents |
||
| 250 |
_a2 / _b. |
||
| 260 |
_aNew York : _bMcGraw Hill Book Company , _c1990. |
||
| 300 | _a611 ; . | ||
| 504 | _a | ||
| 700 | 1 | _aAlan Adams, J . | |
| 942 | _cBK | ||
| 999 |
_c7377 _d7377 |
||